| 000 | 01425nam0a2200361 4500 | ||
|---|---|---|---|
| 001 | RU\NLR\BIBL_A\010759879 | ||
| 005 | 20260406003533.0 | ||
| 010 |
_a978-5-08-005368-9 _95000 |
||
| 021 |
_aRU _b2015-25338 _91498 |
||
| 035 | _a(NILC)RuMoRGB-007903586 | ||
| 035 | _a(NLR Aleph) 010759879 | ||
| 090 |
_a9976877 _c9976877 |
||
| 100 | _a20150520d2014 |||y0rusy50 ca | ||
| 101 | 0 | _arus | |
| 102 | _aRU | ||
| 105 | _aac z 000ay | ||
| 200 | 1 |
_aФонарик Лилька _eповесть _e[для среднего школьного возраста] _fЮлия Кузнецова _g[худож. Марина Пещанская] |
|
| 210 |
_aМосква _cДетская литература _d2014 |
||
| 215 |
_a217, [2] с. _cцв. ил., портр. _d22 |
||
| 225 | 1 | _aЛауреаты Международного конкурса имени Сергея Михалкова | |
| 225 | 1 | _aИздательская программа Правительства Москвы | |
| 333 | _a12+ | ||
| 686 | 0 | _aШ9(2)62=Р7-4 | |
| 700 | 1 |
_8rus _7ca _aКузнецова _bЮ. _cпереводчик _gЮлия _3RU\NLR\AUTH\77113062 _995987 |
|
| 702 | 1 |
_aПещанская _bМ. _gМарина _4440 |
|
| 801 | 0 |
_aRU _bРГБ _c20150402 _gRCR |
|
| 801 | 1 |
_aRU _bРГБ _c20150402 _2rusmarc |
|
| 942 | _cBOOK | ||
| 980 | _aNBR | ||
| 980 | _aNB | ||